00851nam a22002057a 4500003000900000008004100009040007100050082002000121100001700141245006100158260003900219300002800258505017600286650002800462650001400490650001300504700004800517700004200565700003800607AR-CdUCM190520b ||||| |||| 00| 0 spa d aMUNICIPALIDAD PROVINCIAL DEL CUSCOcBIBLIOTECA MUNICIPAL DEL CUSCO a335.4094 /bC32 aCaute, David aEl comunismo y los intelectuales franceses (1914-1966) / aBarcelona :bEds. Oikostau,c1968. a487 páginas ;c22 cm. aContenido: El partido y los intelectuales. Los intelectuales y el partido, tres ejemplos André Gide, André Malraux, Jean Paul Sartre. Los intelectuales y el intelecto. aIntelectuales franceses aComunismo aSiglo XX aVirós Galtier, José Luis (traducción) aAvilés farré, Luis (traducción) aGarcía Bosch, J. (traducción)